Fedor Dostojevski kirjat - Statistics

Yleistilastot
  • Tätä visaa on pelattu 13 kertaa
  • Keskiarvotulos 4 / 32
Vastaustilastot
Julkaisu vuosi Teoksen nimi % Oikein
1866 Rikos ja rangaistus
100%
1880 Karamazovin veljekset
80%
1869 Idiootti
70%
1864 Kirjoituksia kellarista
60%
1848 Valkeat yöt
20%
1864 Krokotiili
10%
1867 Pelurit
10%
1872 Riivaajat
10%
1873 Bobok
0%
1847 Emäntä
0%
1848 Heikko sydän
0%
1847 Herra Prohartsin
0%
1870 Ikuinen aviomies
0%
1848 Joulukuusi ja häät
0%
1846 Kaksoisolento
0%
1875 Keskenkasvuinen
0%
1846 Köyhää väkeä
0%
1976 Lempeä neito
0%
1862 Muistelmia kuolleesta talosta
0%
1859 Narri kartanon valtiaana
0%
1877 Naurettavan ihmisen uni
0%
1849 Netotska Nezvanova
0%
1849 Pieni sankari
0%
1874 Pietarilaiskuvia
0%
1876 Poika Kristuksen joulujuhlassa
0%
1848 Polzunkov
0%
1848 Rehellinen vieras
0%
1847 Romaani yhdeksänä kirjeenä
0%
1861 Sorrettuja ja solvattuja
0%
1876 Talonpoika Marei
0%
1859 Vanhan ruhtinaan rakkaus
0%
1848 Vieras rouva
0%
Ehtoja vastaavia visoja ei löytynyt
Tulosjakauma
Jokaisen tuloksen saaneiden osuus
Persentiili vastausten määrän mukaan
Tuloshistoriasi
Et ole pelannut tätä visaa